000 00604nam a2200229 i 4500
001 C2-0102343
003 PPAK
005 20180727100223.0
008 970603s1987 enka|||| ||||| | eng d
040 _aPPAK
_beng
_cPPAK
_erda
082 0 4 _a358.4
_223
090 0 0 _a358.4
_bWIN
_dR
100 1 _aWinton, John,
_eauthor
245 1 0 _aAir power at sea
264 1 _aLondon :
_bSidwick & Jackson ,
_c1987
300 _a192 pages :
_billustrations ;
_c25 cm
336 _2rdacontent
_atext
337 _2rdamedia
_aunmediated
338 _2rdacarrier
_avolume
650 1 0 _aAir power
942 _ddc
_cB
999 _c23927
_d23927